000 00833 a2200205 4500
999 _c3593
_d3593
020 _a9781412965408
050 0 0 _aLB 1584 PAR 2010
245 0 0 _aParallel curriculum units for social studies, grades 6-12 /
_cJeanne H. Purcell, Jann H. Leppien, editors.
264 _aUnited States of America:
_bCorwin, Sage,
_c2010
300 _ax, 227 p. :
_bill.
500 _aIncludes bibliographical references and index.
504 _aIncludes bibliographical references and index.
650 0 _aSocial sciences
_xStudy and teaching (Elementary)
650 0 _aSocial sciences
_xStudy and teaching (Secondary)
650 0 _aCurriculum planning.
650 0 _aCurriculum evaluation.
700 1 _aLeppien, Jann H.
942 _2lcc
_cBK
_h1584
_iPAR
_kLB